Rozvoj podnikateľského energetického sektora na Slovensku prostredníctvom podporných nástrojov EÚ

Uložené v:
Podrobná bibliografia
Hlavný autor: Navratilová, Martina
Médium: Kapitola
Jazyk:Slovak
Tagy: Pridať tag
Žiadne tagy, Buďte prvý, kto otaguje tento záznam!

MARC

LEADER 00000naa$a2200000$$$4500
001 0112584
005 20240502072242.3
041 0 |a slo 
044 |a SK 
245 1 0 |a Rozvoj podnikateľského energetického sektora na Slovensku prostredníctvom podporných nástrojov EÚ  |c Martina Navratilová 
100 1 |a Navratilová, Martina